000 00340nam a2200121Ia 4500
008 220216s9999 xx 000 0 und d
100 _aBauminger B B
245 0 _aColorimetric determination of 2-Mercaptobenzthiazole in compounded rubber
260 _bIRI Transactions
_c1953
300 _a100-113
700 _aPoulton F C J
942 _cJS
999 _c55854
_d55854